000 00401cam a2200157ua 4500
041 _aeng
_h
082 _a828.09
_bQUI/LE
100 _aQuiller-Couch, Sir Arthur .
245 _aLecture on lectures /
_cSir Arthur Quiller-Couch.
_hTextual Documents
250 _a1 /
_b.
260 _aLondon :
_bThe Hograth Press ,
_c1950.
300 _a48 ; .
504 _a
942 _cBK
999 _c6860
_d6860